000 00783nam0a22002531 4500
001 rc\767648
005 20250622124414.0
035 _a(NLR Aleph) 006294658
090 _a7186927
_c7186927
100 _a20040301d1985 |||y0rusy50 ca
101 0 _arus
102 _aRU
105 _aa |||||||||
200 1 _aФункциональная микроэлектроника
_eУчеб. пособие
210 _aМ.
_cМФТИ
_d1985
215 _a112 с.
_cил.
_d20
300 _aВ надзаг.: Моск. физ.-техн. ин-т
320 _aБиблиогр.: с. 112 (27 назв.)
700 1 _aФурсин
_bГ.И.
_gГригорий Иванович
801 0 _aRU
_bNLR
_gpsbo
801 1 _aRU
_bELAR
_2rusmarc
852 _aNLR
_j86-3/4907
942 _cBOOK
980 _aNB